| 000 | 00511cam a2200193ua 4500 | ||
|---|---|---|---|
| 001 | 7340 | ||
| 008 | 141208n ii |||gr||||Z||||||ben | ||
| 040 | _cMAIN | ||
| 041 | _aben | ||
| 082 | _a491.444 | ||
| 100 |
_aBhattacharya, D., _eAuthor. |
||
| 245 | 1 |
_aMadhyabharatia Aarjya Bhakha o Sahityer Bhumika _cBy Debidas Bhattacharya |
|
| 250 | _a1st. | ||
| 260 |
_aKolkatta: _bOriental, _c1965. |
||
| 300 | _a186p. | ||
| 653 | _aEast Indo-European & Celtic languages | ||
| 653 | _aBengali language | ||
| 942 | _cBK | ||
| 999 |
_c6465 _d6465 |
||